Statistiques concernant Drapeaux d'Amérique du Nord: ordre aléatoire

Cliquez ici pour prendre le quiz!

Statistiques générales

  • Ce quiz a été pris 524 fois
  • Le résultat moyen est 17 sur 23

Statistiques - réponses

Réponse% Correct
Etats-Unis
97%
Mexique
96%
Jamaïque
95%
Canada
84%
Cuba
83%
Panama
82%
Costa Rica
77%
Barbade
76%
République dominicaine
72%
Haïti
71%
Honduras
71%
Nicaragua
71%
Sainte-Lucie
68%
Salvador
67%
Bahamas
66%
Belize
66%
Antigua-et-Barbuda
65%
Guatemala
65%
Dominique
61%
Trinité-et-Tobago
61%
Grenade
59%
Saint-Vincent-et-les-Grenadines
56%
Saint-Christophe-et-Niévès
52%

Distribution des résultats

Percentile par nombre de réponses

% des personnes avec chaque résultat

Votre développement - résultats

Vous n’avez pas pris ce quiz